My years with General Motors

में बचाया:
ग्रंथसूची विवरण
मुख्य लेखक: Sloan, Alfred P.
स्वरूप: पुस्तक
भाषा:Undetermined
प्रकाशित: New York A Macfadden-Bartell Book 1965
विषय:
टैग : टैग जोड़ें
कोई टैग नहीं, इस रिकॉर्ड को टैग करने वाले पहले व्यक्ति बनें!
Thư viện lưu trữ: Trung tâm Học liệu Trường Đại học Cần Thơ
LEADER 00497nam a2200181Ia 4500
001 CTU_84396
008 210402s9999 xx 000 0 und d
082 |a 338.7 
082 |b S634 
100 |a Sloan, Alfred P. 
245 0 |a My years with General Motors 
245 0 |c Alfred P. Sloan 
260 |a New York 
260 |b A Macfadden-Bartell Book 
260 |c 1965 
650 |a General motor corporation 
904 |i QHieu(sửa) 
980 |a Trung tâm Học liệu Trường Đại học Cần Thơ